000 00786nam a22002417a 4500
003 UA-OsUOA
001 49848
007 ta
008 20140130b un ||||| |||| 00| 0 ukr d
090 _a030
_bС48
942 _cBK
040 _aUA-OsUOA
_brus
_cUA-OsUOA
_dUA-OsUOA
245 _aСловарь книжников и книжности Древней Руси
_bВып. 2
_c(вторая половина XIV - XVI в.)
300 _a515 с.
955 _a1
041 _arus
080 _a030
260 _aЛенинград
_bНаука
_c1988
246 3 1 _aЧасть 1
_nА-К
650 7 _a030 Загальні довідкові праці
_2UDC
999 _c429976
_d429976